<?xml version="1.0" encoding="UTF-8"?><?xml-stylesheet type="text/xsl" href="static/style.xsl"?><OAI-PMH xmlns="http://www.openarchives.org/OAI/2.0/" xmlns:xsi="http://www.w3.org/2001/XMLSchema-instance" xsi:schemaLocation="http://www.openarchives.org/OAI/2.0/ http://www.openarchives.org/OAI/2.0/OAI-PMH.xsd"><responseDate>2026-04-29T12:23:42Z</responseDate><request verb="GetRecord" identifier="oai:repisalud.isciii.es:20.500.12105/18677" metadataPrefix="marc">https://repisalud.isciii.es/rest/oai/request</request><GetRecord><record><header><identifier>oai:repisalud.isciii.es:20.500.12105/18677</identifier><datestamp>2024-02-27T15:08:40Z</datestamp><setSpec>com_20.500.12105_15322</setSpec><setSpec>com_20.500.12105_2051</setSpec><setSpec>col_20.500.12105_16927</setSpec></header><metadata><record xmlns="http://www.loc.gov/MARC21/slim" xmlns:dcterms="http://purl.org/dc/terms/" xmlns:doc="http://www.lyncode.com/xoai" xmlns:xsi="http://www.w3.org/2001/XMLSchema-instance" xsi:schemaLocation="http://www.loc.gov/MARC21/slim http://www.loc.gov/standards/marcxml/schema/MARC21slim.xsd">
   <leader>00925njm 22002777a 4500</leader>
   <datafield ind2=" " ind1=" " tag="042">
      <subfield code="a">dc</subfield>
   </datafield>
   <datafield ind2=" " ind1=" " tag="720">
      <subfield code="a">García-Casares, Natalia</subfield>
      <subfield code="e">author</subfield>
   </datafield>
   <datafield ind2=" " ind1=" " tag="720">
      <subfield code="a">Barros-Cano, Amanda</subfield>
      <subfield code="e">author</subfield>
   </datafield>
   <datafield ind2=" " ind1=" " tag="720">
      <subfield code="a">García-Arnés, Juan A</subfield>
      <subfield code="e">author</subfield>
   </datafield>
   <datafield ind2=" " ind1=" " tag="260">
      <subfield code="c">2022-06-17</subfield>
   </datafield>
   <datafield ind2=" " ind1=" " tag="520">
      <subfield code="a">Melodic Intonation Therapy (MIT) is one of the most well-known therapies for the rehabilitation of speech in patients with non-fluent aphasia and which is thought to promote right-hemisphere involvement in language processing. This review focuses on the study of language lateralization and/or neuroplastic reorganization with neuroimaging and/or neurophysiological techniques in non-fluent aphasic patients post-stroke during or after MIT. A systematic search was carried out according to the Preferred Reporting Items for Systematic reviews and Meta-Analyses (PRISMA) in databases (PubMed, Scopus, EMBASE, Dialnet, Web of Science, Cochrane) with the keywords melodic intonation therapy, neuroimaging, functional magnetic resonance, and positron emission tomography and the boolean operators AND and OR. Articles including patients of all ages and either sex with any type of aphasia post-stroke and in any language, which studied language lateralization and/or neuroplastic reorganization after or during MIT were included. Articles which did not achieve the objectives, revisions and conferences were excluded. Different results were obtained from the 16 studies included in the review: predominantly greater activation of the right hemisphere but also of the left hemisphere or both. MIT is an effective therapy to rehabilitate non-fluent aphasic patients post-stroke. It involves different neurobiological mechanisms and depends on multiple individual factors. Studies with larger samples are necessary.</subfield>
   </datafield>
   <datafield ind1="8" ind2=" " tag="024">
      <subfield code="a">10.3390/jcm11123503</subfield>
   </datafield>
   <datafield ind1="8" ind2=" " tag="024">
      <subfield code="a">2077-0383</subfield>
   </datafield>
   <datafield ind1="8" ind2=" " tag="024">
      <subfield code="a">Journal of clinical medicine</subfield>
   </datafield>
   <datafield ind1="8" ind2=" " tag="024">
      <subfield code="a">http://hdl.handle.net/10668/21298</subfield>
   </datafield>
   <datafield ind1="8" ind2=" " tag="024">
      <subfield code="a">35743571</subfield>
   </datafield>
   <datafield ind1="8" ind2=" " tag="024">
      <subfield code="a">http://hdl.handle.net/20.500.12105/18677</subfield>
   </datafield>
   <datafield tag="653" ind2=" " ind1=" ">
      <subfield code="a">diffusion tensor imaging (DTI)</subfield>
   </datafield>
   <datafield tag="653" ind2=" " ind1=" ">
      <subfield code="a">functional magnetic resonance (fMRI)</subfield>
   </datafield>
   <datafield tag="653" ind2=" " ind1=" ">
      <subfield code="a">melodic intonation therapy</subfield>
   </datafield>
   <datafield tag="653" ind2=" " ind1=" ">
      <subfield code="a">neuroimaging</subfield>
   </datafield>
   <datafield tag="653" ind2=" " ind1=" ">
      <subfield code="a">positron emission tomography (PET)</subfield>
   </datafield>
   <datafield tag="653" ind2=" " ind1=" ">
      <subfield code="a">spectroscopy positron emission tomography (SPECT)</subfield>
   </datafield>
   <datafield ind2="0" ind1="0" tag="245">
      <subfield code="a">Melodic Intonation Therapy in Post-Stroke Non-Fluent Aphasia and Its Effects on Brain Plasticity.</subfield>
   </datafield>
</record></metadata></record></GetRecord></OAI-PMH>